| 000 | 01057cam a2200253 4500 | ||
|---|---|---|---|
| 008 | 030113n2002 000 0 eng u | ||
| 020 | _a0728203952 | ||
| 035 | _a(Sirsi) u120967 | ||
| 041 | _aeng. | ||
| 050 |
_a336.2 _c18 |
||
| 100 | _aBond, Patrick | ||
| 245 | _aRating valuation principles and practice | ||
| 260 |
_aLondon _bEstates Gazette _c2002 |
||
| 300 |
_axxviii, 383p. _c22cm. |
||
| 350 | _a28 | ||
| 520 | _aAimed at students and practitioners, this text looks at rating law, valuation and how the principles apply in practice. Covers the valuation of different property types including domestic dwellings, shops, offices, factories, warehouses and workshops. Includes illustrative examples throughout of valuation methods for the various different types of property a practitioner is likely to deal with. | ||
| 520 | _aSuperseded by 2nd edition (ISBN 0728204924). | ||
| 650 | _aRATING | ||
| 650 |
_aValuation _96273 |
||
| 650 | _aRATING VALUATION | ||
| 690 | _aRATING AND LOCAL TAXATION | ||
| 700 | _aBrown, Peter | ||
| 942 | _n0 | ||
| 999 |
_c102579 _d102579 |
||